Państwa które były w Imperium Holenderskim - Statystyki

Ogólne statystyki
  • Ten quiz został rozwiązany 22 razy
  • Średni wynik to 6 z 12
Statystyki odpowiedzi
Kontynet Państwo % Poprawnych
Europa Belgia
100%
Europa Holandia
100%
Azja Indonezja
82%
Ameryka Południowa Surinam
71%
Azja Indie
65%
Ameryka Południowa Gujana
47%
Afryka Republika Południowej Afryki
47%
Azja Malezja
41%
Azja Sri Lanka
41%
Ameryka Północna Antigua i Barbuda
24%
Afryka Ghana
12%
Ameryka Północna Wielka Brytania (Anguila, Wyspy Dziewicze)
12%
Nie znaleziono quizów pasujących do podanych kryteriów
Rozkład punktacji
Procent ludzi z każdym wynikiem
Percentyl według liczby udzielonych odpowiedzi
Twoja historia wyników
Nie rozwiązałeś tego quizu